[Event "Baltic Zonal III Stage 2018"]
[Site "Liepaja"]
[Date "2018.07.09"]
[Round "1"]
[White "Sirosh, Ilja"]
[Black "Kantans, Toms"]
[Result "0-1"]
[WhiteElo "2339"]
[BlackElo "2529"]
[Annotator "ChessBase"]
[PlyCount "92"]
[EventDate "2018.07.09"]
[EventType "swiss"]
[EventCountry "LAT"]
[SourceTitle "playchess.com"]
[Source "ChessBase"]
[SourceQuality "1"]
[TimeControl "5400+30"]

1. d4 {[%emt 0:00:00]} f5 {[%emt 0:00:00]} 2. Nf3 {[%emt 0:00:14]} Nf6 {[%emt 0:00:00]} 3. e3 {[%emt 0:00:25]} e6 {[%emt 0:01:09]} 4. Bd3 {[%emt 0:02:01]} d5 {[%emt 0:06:37]} 5. O-O {[%emt 0:01:16]} Bd6 {[%emt 0:00:08]} 6. c4 {[%emt 0:00:10]} c6 {[%emt 0:00:05]} 7. b3 {[%emt 0:00:57]} Nbd7 {[%emt 0:02:02]} 8. cxd5 {[%emt 0:03:30]} cxd5 {[%emt 0:00:36]} 9. Ba3 {[%emt 0:00:18]} Qe7 {[%emt 0:03:26]} 10. Bxd6 {[%emt 0:08:50]} Qxd6 {[%emt 0:00:06]} 11. Qc2 {[%emt 0:00:14]} O-O {[%emt 0:08:15]} 12. Nc3 {[%emt 0:03:59]} a6 {[%emt 0:01:32]} 13. Rfc1 {[%emt 0:04:58]} f4 {[%emt 0:14:43]} 14. exf4 {[%emt 0:03:03]} Qxf4 {[%emt 0:00:09]} 15. Ne2 {[%emt 0:03:29]} Qh6 {[%emt 0:01:42]} 16. Qc7 {[%emt 0:05:54]} Ne4 {[%emt 0:04:28]} 17. Ng3 {[%emt 0:13:35]} Ndf6 {[%emt 0:01:42]} 18. Bxe4 {[%emt 0:13:29]} dxe4 {[%emt 0:01:20]} 19. Ne5 {[%emt 0:00:05]} Qf4 {[%emt 0:19:41]} 20. Re1 {[%emt 0:14:10]} b5 {[%emt 0:13:16]} 21. Qc1 {[%emt 0:10:14]} Qxc1 {[%emt 0:01:07]} 22. Raxc1 {[%emt 0:00:09]} Bb7 {[%emt 0:00:11]} 23. Rc7 {[%emt 0:00:37]} Bd5 {[%emt 0:00:30]} 24. Rec1 {[%emt 0:01:01]} a5 {[%emt 0:00:48]} 25. Nc6 {[%emt 0:04:39]} a4 {[%emt 0:04:55]} 26. Ne7+ {[%emt 0:00:18]} Kh8 {[%emt 0:00:04]} 27. Nxd5 {[%emt 0:00:14]} Nxd5 {[%emt 0:00:04]} 28. R7c2 {[%emt 0:05:01]} e3 {[%emt 0:08:23]} 29. fxe3 {[%emt 0:00:15]} b4 {[%emt 0:00:42]} 30. bxa4 {[%emt 0:01:00]} Rxa4 {[%emt 0:00:45]} 31. Rc8 {[%emt 0:00:52]} Kg8 {[%emt 0:00:13]} 32. Rxf8+ {[%emt 0:00:30]} Kxf8 {[%emt 0:00:02]} 33. Rc2 {[%emt 0:00:31]} Nc3 {[%emt 0:02:09]} 34. Rb2 {[%emt 0:00:09]} Ke7 {[%emt 0:00:45]} 35. Kf1 {[%emt 0:00:50]} Kd6 {[%emt 0:00:48]} 36. e4 {[%emt 0:00:27]} Kc6 {[%emt 0:01:03]} 37. Ke1 {[%emt 0:00:29]} Kb5 {[%emt 0:00:30]} 38. Ne2 {[%emt 0:00:35]} Nxe4 {[%emt 0:00:56]} 39. Rc2 {[%emt 0:00:07]} Ra3 {[%emt 0:01:29]} 40. Kd1 {[%emt 0:00:49]} Nc3+ {[%emt 0:00:54]} 41. Nxc3+ {[%emt 0:00:06]} bxc3 {[%emt 0:00:04]} 42. Re2 {[%emt 0:00:57]} Kc4 {[%emt 0:00:13]} 43. Kc1 {[%emt 0:00:21]} Kxd4 {[%emt 0:01:20]} 44. Rxe6 {[%emt 0:00:25]} Rxa2 {[%emt 0:00:04]} 45. Rd6+ {[%emt 0:00:34]} Ke5 {[%emt 0:00:17]} 46. Rd3 {[%emt 0:00:42]} Rxg2 {[%emt 0:00:12]} 0-1

[Event "Baltic Zonal III Stage 2018"]
[Site "Liepaja"]
[Date "2018.07.09"]
[Round "1"]
[White "Chukavin, Kirill"]
[Black "Ladva, Ottomar"]
[Result "0-1"]
[WhiteElo "2303"]
[BlackElo "2498"]
[Annotator "ChessBase"]
[PlyCount "108"]
[EventDate "2018.07.09"]
[EventType "swiss"]
[EventCountry "LAT"]
[SourceTitle "playchess.com"]
[Source "ChessBase"]
[SourceQuality "1"]
[TimeControl "5400+30"]

1. e4 {[%emt 0:00:00]} c5 {[%emt 0:00:00]} 2. Nf3 {[%emt 0:00:00]} e6 {[%emt 0:00:00]} 3. d4 {[%emt 0:00:07]} cxd4 {[%emt 0:00:00]} 4. Nxd4 {[%emt 0:00:10]} Nf6 {[%emt 0:00:05]} 5. Nc3 {[%emt 0:00:28]} Nc6 {[%emt 0:00:05]} 6. Ndb5 {[%emt 0:00:48]} d6 {[%emt 0:00:06]} 7. Bf4 {[%emt 0:01:17]} e5 {[%emt 0:00:02]} 8. Bg5 {[%emt 0:00:07]} a6 {[%emt 0:00:05]} 9. Na3 {[%emt 0:00:55]} b5 {[%emt 0:00:02]} 10. Nd5 {[%emt 0:00:48]} Be7 {[%emt 0:00:12]} 11. Bxf6 {[%emt 0:00:35]} Bxf6 {[%emt 0:00:02]} 12. c4 {[%emt 0:01:27]} bxc4 {[%emt 0:00:06]} 13. Nxc4 {[%emt 0:07:12]} O-O {[%emt 0:00:04]} 14. Ncb6 {[%emt 0:12:35]} Rb8 {[%emt 0:00:43]} 15. Nxc8 {[%emt 0:06:21]} Qa5+ {[%emt 0:02:42]} 16. Qd2 {[%emt 0:08:35]} Qxd2+ {[%emt 0:00:44]} 17. Kxd2 {[%emt 0:00:07]} Rfxc8 {[%emt 0:01:04]} 18. Nxf6+ {[%emt 0:07:47]} gxf6 {[%emt 0:00:04]} 19. b3 {[%emt 0:00:28]} Nd4 {[%emt 0:02:31]} 20. Bd3 {[%emt 0:15:42]} Rc5 {[%emt 0:11:07]} 21. Rhc1 {[%emt 0:01:52]} Ra5 {[%emt 0:00:10]} 22. Kc3 {[%emt 0:04:14]} f5 {[%emt 0:05:47]} 23. exf5 {[%emt 0:02:00]} d5 {[%emt 0:03:07]} 24. f3 {[%emt 0:05:34]} Kg7 {[%emt 0:03:10]} 25. Kb2 {[%emt 0:02:40]} Kf6 {[%emt 0:03:05]} 26. Rc7 {[%emt 0:00:42]} Rg8 {[%emt 0:00:38]} 27. a4 {[%emt 0:03:02]} Rxg2+ {[%emt 0:01:38]} 28. Kc3 {[%emt 0:02:01]} Nb5+ {[%emt 0:03:03]} 29. Bxb5 {[%emt 0:01:23]} axb5 {[%emt 0:00:03]} 30. Kb4 {[%emt 0:00:41]} Ra8 {[%emt 0:00:10]} 31. a5 {[%emt 0:00:44]} Rf2 {[%emt 0:07:17]} 32. Kxb5 {[%emt 0:04:58]} Rxf3 {[%emt 0:01:00]} 33. b4 {[%emt 0:00:13]} e4 {[%emt 0:02:35]} 34. a6 {[%emt 0:02:03]} e3 {[%emt 0:01:11]} 35. Kc6 {[%emt 0:02:45]} e2 {[%emt 0:01:29]} 36. Kb7 {[%emt 0:05:10]} Rf1 {[%emt 0:02:11]} 37. Rcc1 {[%emt 0:00:55]} Rxc1 {[%emt 0:00:09]} 38. Rxc1 {[%emt 0:00:03]} Re8 {[%emt 0:00:34]} 39. Re1 {[%emt 0:01:56]} d4 {[%emt 0:00:11]} 40. b5 {[%emt 0:00:34]} d3 {[%emt 0:00:07]} 41. a7 {[%emt 0:00:45]} Re7+ {[%emt 0:01:33]} 42. Kb6 {[%emt 0:00:41]} Rxa7 {[%emt 0:01:59]} 43. Kxa7 {[%emt 0:00:09]} d2 {[%emt 0:00:05]} 44. Rxe2 {[%emt 0:00:15]} d1=Q {[%emt 0:00:07]} 45. Ra2 {[%emt 0:00:39]} Qd7+ {[%emt 0:00:31]} 46. Ka6 {[%emt 0:00:00]} Qd5 {[%emt 0:00:19]} 47. Rc2 {[%emt 0:01:28]} Qa8+ {[%emt 0:00:48]} 48. Kb6 {[%emt 0:00:02]} Kxf5 {[%emt 0:00:33]} 49. Rc7 Ke6 50. Kc5 Qd5+ 51. Kb6 f5 52. Rxh7 f4 53. Rh6+ Kf7 54. Rh7+ Kg6 0-1

[Event "Baltic Zonal III Stage 2018"]
[Site "Liepaja"]
[Date "2018.07.09"]
[Round "1"]
[White "Haavamae, Henrik"]
[Black "Kanep, Meelis"]
[Result "0-1"]
[WhiteElo "2185"]
[BlackElo "2440"]
[Annotator "TA"]
[PlyCount "76"]
[EventDate "2018.07.09"]
[EventType "swiss"]
[EventCountry "LAT"]
[SourceTitle "playchess.com"]
[Source "ChessBase"]
[SourceQuality "1"]

{[%evp 17,76,16,60,65,58,38,55,0,35,3,1,0,9,5,26,0,0,-53,112,60,172,158,173,170,256,-85,-75,-197,-197,-185,-177,-229,-221,-231,-235,-216,-180,-183,-189,-181,-178,-181,-183,-184,-185,-245,-176,-222,-202,-454,-434,-523,-414,-445,-431,-518,-410,-573,-507,-29987,-29988]} 1. e4 c5 2. Nf3 d6 3. d4 cxd4 4. Nxd4 Nf6 5. Nc3 Nc6 6. Bg5 e6 7. Qd3 a6 8. O-O-O Bd7 9. Be2 Qa5 {LiveBook: 3 Games. B62: Sicilian: Richter-Rauzer: 6...e6: Unusual White 7th moves} (9... h6 10. Bh4 Ne5 11. Qe3 g5 12. Bg3 b5 13. Nf3 Neg4 14. Qd3 b4 15. Nd5 exd5 16. exd5 Qa5 17. Kb1 {0-1 (51) Lampert,J (2514)-Sutovsky,E (2683) Douglas 2017}) 10. Bxf6 gxf6 11. Kb1 b5 $146 {White is slightly better.} ({Predecessor:} 11... Nxd4 12. Qxd4 Be7 13. f4 O-O-O 14. Bg4 Kb8 15. Bh3 Rhe8 16. Rhf1 Qc5 17. Qd2 Bf8 18. Rf3 Bc6 19. Rd3 Rc8 20. a3 {1-0 (47) Tolnai,T (2490)-Groszpeter,A (2515) Hungary 1993}) 12. Rhe1 ({Better is} 12. a3 $14) 12... Ne5 13. Qg3 b4 14. Nd5 $1 {[%cal Rd5f6]} (14. Nb3 Qc7 $17) 14... exd5 15. exd5 Be7 16. f4 Ng6 17. h4 (17. Bg4 $11) 17... h5 $2 (17... f5 $15 {keeps the upper hand.} 18. Nc6 Bxc6 19. dxc6 Bxh4 20. Qe3+ Be7) 18. Bd3 $16 f5 ({Black should play} 18... Rh6 $1 $14) 19. Bxf5 $18 (19. Nxf5 $6 Bxf5 20. Bxf5 Rg8 $14) 19... Bxf5 20. Nxf5 Kd7 {[#]} (20... Qc5 {might work better.}) 21. Nxe7 $2 ({Worse is} 21. Qe3 Bf6 $15) ({Only move:} 21. Qh3 $1 $18) 21... Nxe7 $17 22. f5 (22. Qg7 $17 Raf8 23. Qf6 Nxd5 24. Qd4) 22... Rag8 $19 {[%cal Ba8g8,Bg8g4,Bg4b4,Bb4b5][%mdl 32]} ({Weaker is} 22... Nxd5 23. Re4 $15) 23. Qf3 Rg4 24. Re2 (24. g3 {was worth a try.}) 24... Nc8 25. g3 Qc5 26. f6 Kc7 27. c3 Kb8 28. cxb4 Rxb4 $40 {[%mdl 128] Black has strong attack.} ({Don't do} 28... Qxb4 29. Re3 $17) 29. Rc2 Qb5 30. Qc3 Qb7 31. Qf3 (31. Rdc1 $142) 31... Rb5 32. b3 Nb6 {[%cal Rb5d5]} 33. Rcd2 $2 (33. g4 {is a better defense.}) 33... Nc4 34. Rd4 Ne5 35. Qe2 Rc8 36. R1d2 Qc7 {[%csl Gc8][%cal Rc7c1]} 37. Rd1 Qc3 38. R4d2 {[#]} (38. Qd2 $19 Qxg3 39. Rb4) 38... Nc4 {Precision: White = 23%, Black = 53%.} 0-1

[Event "Baltic Zonal III Stage 2018"]
[Site "Liepaja"]
[Date "2018.07.09"]
[Round "1"]
[White "Pedoson, Georg Aleksander"]
[Black "Pultinevicius, Paulius"]
[Result "0-1"]
[WhiteElo "2176"]
[BlackElo "2422"]
[Annotator "NA"]
[PlyCount "48"]
[EventDate "2018.07.09"]
[EventType "swiss"]
[EventCountry "LAT"]
[SourceTitle "playchess.com"]
[Source "ChessBase"]
[SourceQuality "1"]
[TimeControl "5400+30"]

1. c4 {[%emt 0:00:00]} Nf6 {[%emt 0:00:00]} 2. Nc3 {[%emt 0:00:00]} c5 {[%emt 0:00:00]} 3. g3 {[%emt 0:00:15]} d5 {[%emt 0:00:00]} 4. cxd5 {[%emt 0:00:07]} Nxd5 {[%emt 0:00:01]} 5. Bg2 {[%emt 0:01:36]} Nc7 {[%emt 0:00:06]} 6. Nf3 {[%emt 0:00:34]} Nc6 {[%emt 0:00:08]} 7. O-O {[%emt 0:01:04]} e5 {[%emt 0:00:25]} 8. d3 {[%emt 0:01:16]} Be7 {[%emt 0:00:38]} 9. Nd2 {[%emt 0:04:54]} O-O {[%emt 0:07:38]} 10. Nc4 {[%emt 0:02:07]} f6 {[%emt 0:02:30]} 11. f4 {[%emt 0:04:18]} exf4 {[%emt 0:08:35]} 12. Bxf4 {[%emt 0:01:52]} Ne6 {[%emt 0:01:30]} 13. Bd2 {[%emt 0:05:50]} Re8 {[%emt 0:01:25]} 14. a4 {[%emt 0:07:13]} Bd7 {[%emt 0:10:41]} 15. Nd5 {[%emt 0:05:56]} Bf8 {[%emt 0:02:22]} 16. Bc3 {[%emt 0:09:04]} Nb4 {[%emt 0:12:54]} 17. Bxf6 {[%emt 0:13:46]} gxf6 {[%emt 0:02:36]} 18. Nxf6+ {[%emt 0:00:37]} Kh8 {[%emt 0:13:10]} 19. Ne5 {[%emt 0:08:12]} Re7 {[%emt 0:00:06]} 20. e3 {[%emt 0:03:27]} Be8 {[%emt 0:03:10]} 21. Qg4 {[%emt 0:02:35]} Bg7 {[%emt 0:03:46]} 22. Be4 {[%emt 0:09:40]} Nf8 {[%emt 0:03:16]} 23. Nxh7 {[%emt 0:01:11]} Nxh7 {[%emt 0:03:32]} 24. Qh4 {[%emt 0:00:09]} Bxe5 {[%emt 0:02:22]} 0-1

[Event "Baltic Zonal III Stage 2018"]
[Site "Liepaja"]
[Date "2018.07.10"]
[Round "2"]
[White "Neiksans, Arturs"]
[Black "Sulskis, Sarunas"]
[Result "0-1"]
[WhiteElo "2567"]
[BlackElo "2507"]
[Annotator "TA"]
[PlyCount "98"]
[EventDate "2018.07.09"]
[EventType "swiss"]
[EventCountry "LAT"]
[SourceTitle "playchess.com"]
[Source "ChessBase"]
[SourceQuality "1"]

{[%evp 18,98,42,26,46,45,41,25,29,0,0,0,0,0,0,0,0,0,13,-8,32,35,29,35,29,25,34,12,14,21,27,0,0,0,2,0,2,-8,-6,-4,-4,-4,-5,-132,-133,-120,-132,-200,-200,-260,-260,-260,-260,-260,-260,-241,-220,-220,-220,-219,-219,-352,-302,-343,-342,-343,-340,-331,-341,-316,-316,-623,-599,-29963,-29964,-29982,-29982,-29995,-29981,-29979,-29981,-29997,-29998]} 1. e4 e5 2. Nf3 Nc6 3. Bc4 Nf6 4. d3 h6 5. c3 d6 6. a4 {[%cal Ba2a4,Ba4a5][%mdl 32] C55: Zweispringerspiel} (6. O-O g6 7. d4 Qe7 8. Re1 Bg7 9. Nbd2 O-O 10. h3 Kh8 11. a4 Bd7 12. a5 a6 13. Bd3 Rae8 14. Nf1 Nh7 15. dxe5 dxe5 16. b3 Nb8 17. Ne3 Be6 18. Ba3 {1-0 (34) Radjabov,T (2710)-Amin,B (2662) Doha 2016}) 6... g6 7. a5 Bg7 8. O-O O-O 9. Re1 a6 10. Nbd2 {LiveBook: 11 Partien} b5 11. axb6 cxb6 12. Nf1 d5 $146 ({Vorgänger:} 12... Bb7 13. Ne3 Re8 14. Qb3 Re7 15. Bd5 Na5 {1-0 (40) Ciobanu,C (2234)-Munteanu,D (2083) Romania 2002}) 13. Bb5 Na5 14. Ba4 dxe4 15. Nxe5 exd3 16. Qxd3 Qxd3 17. Nxd3 Be6 18. Nf4 Bc4 19. Be3 Bxf1 20. Kxf1 Nc4 21. Bb3 Rfc8 22. Re2 g5 23. Nd3 Nd5 24. Bd4 Bxd4 25. cxd4 b5 26. Nc5 Rd8 27. Rxa6 Rxa6 28. Nxa6 Nf4 29. Bxc4 $1 bxc4 $11 {[%mdl 4096] Endspiel KTS-KTS} 30. Rd2 (30. Re3 $11) 30... Ra8 $17 31. g3 {[#]} Nh3 $1 32. f3 (32. b3 $17) 32... Rxa6 $19 {KTS-KT} 33. Kg2 {[#]} g4 $1 34. fxg4 Ng5 35. Rc2 Ra2 36. h4 {[#]} c3 $1 37. Rxc3 (37. bxc3 Rxc2+) 37... Rxb2+ 38. Kf1 Ne4 39. Rd3 (39. Re3 $142 Nf6 40. g5 hxg5 41. Re2) 39... Kg7 40. d5 Nd6 41. Rd4 Kf6 42. Kg1 Ke5 43. Ra4 Kxd5 44. Ra5+ $2 (44. g5 hxg5 45. Ra5+ Nb5 46. hxg5) 44... Ke4 45. Rh5 Kf3 {Schwarz setzt Matt.} 46. Rxh6 Ne4 47. g5 Nxg3 {[%csl Gf3][%cal Rb2g2]} 48. Rf6+ Kg4 49. Rxf7 Kh3 {Precision: Weiß = 28%, Schwarz = 88%.} 0-1

[Event "Baltic Zonal III Stage 2018"]
[Site "Liepaja"]
[Date "2018.07.10"]
[Round "2"]
[White "Meskovs, Nikita"]
[Black "Chukavin, Kirill"]
[Result "1-0"]
[WhiteElo "2540"]
[BlackElo "2303"]
[Annotator "TA"]
[PlyCount "73"]
[EventDate "2018.07.09"]
[EventType "swiss"]
[EventCountry "LAT"]
[SourceTitle "playchess.com"]
[Source "ChessBase"]
[SourceQuality "1"]

{[%evp 20,73,19,-11,22,0,28,31,59,63,69,54,64,37,27,-2,87,99,202,185,189,195,189,186,281,262,311,304,309,289,306,299,289,279,1289,1279,1196,1260,1226,1222,1507,1393,29986,29987,29988,29983,29983,29984,29992,29993,29993,29994,29994,29995,29995,29994]} 1. c4 e6 2. Nf3 Nf6 3. Nc3 d5 4. d4 c6 5. e3 Nbd7 6. Qc2 Bd6 7. Bd2 O-O 8. h3 dxc4 {D45: Damengambit (Anti-Meraner Variante)} (8... b6 9. cxd5 exd5 10. Bd3 Bb7 11. O-O c5 12. Rfd1 Rc8 13. Be1 Re8 14. Qe2 c4 15. Bc2 Ne4 16. Nd2 {½-½ (34) Bischoff,K (2510)-Fressinet,L (2657) Germany 2018}) 9. Bxc4 e5 10. O-O-O Qe7 11. g4 {[%cal Bg2g4,Bg4g5][%mdl 32] LiveBook: 4 Partien} b5 12. Bd3 g6 13. g5 Nh5 $146 ({Vorgänger:} 13... Nd5 14. Ne4 Bb7 15. Nxd6 Qxd6 16. e4 Nf4 17. Bxf4 exf4 {1-0 (28) Filippov,A (2543)-Shen,S (2303) Singapore 2008}) 14. Ne4 Bb7 15. Nxd6 Qxd6 16. Be4 {Droht dxe5 und aus.} Qc7 17. Bc3 {[%cal Rd4e5]} exd4 (17... c5 $11 18. dxc5 (18. dxe5 b4 $11) (18. Nxe5 Nxe5 19. dxe5 b4 $11) 18... Nxc5 19. Bxb7 (19. Bxe5 Bxe4 20. Bxc7 Bxc2 $17) 19... Qxb7 20. Nxe5 Rfc8) 18. Nxd4 $16 {Sf5! ist eine echte Drohung.} b4 (18... Rfe8 $16) 19. Bxb4 $18 c5 20. Nb5 $1 {[%cal Rb5c7]} Qb6 {[#] Droht stark ...Lxe4.} 21. Bc3 $1 $36 {[%mdl 2048] Schwarz steht unter starkem Druck.} ({Keinesfalls} 21. Rxd7 $6 Bxe4 22. Qxe4 Qxb5 $14) 21... Qxb5 {[#]} (21... Bxe4 {kämpft weiter.} 22. Qxe4 Qxb5) 22. a4 $1 {[%cal Ra4b5]} Bxe4 23. Qxe4 (23. axb5 $2 {verliert.} Bxc2 24. Kxc2 Nb6 $19) 23... Qb3 {Und ...Sb6 würde nun gewinnen.} 24. Rxd7 Rae8 25. Re7 Rxe7 26. Qxe7 Qxa4 $2 (26... Qa2) 27. Qe5 {[%csl Gc3][%cal Re5h8]} f6 28. Qe6+ Rf7 29. Rd1 Kg7 30. Rd6 Qh4 31. f4 {Weiß setzt Matt.} a5 32. Rd8 Qf2 33. Qe8 {[%csl Gd8][%cal Re8h8]} Qf1+ 34. Kc2 {[%csl Gd8][%cal Re8h8]} Qe2+ 35. Kb1 {[%csl Gd8][%cal Re8h8]} Qf1+ 36. Ka2 {[%csl Gd8][%cal Re8h8]} Qc4+ 37. Ka3 {Precision: Weiß = 77%, Schwarz = 34%.} 1-0

[Event "Baltic Zonal III Stage 2018"]
[Site "Liepaja"]
[Date "2018.07.10"]
[Round "2"]
[White "Kantans, Toms"]
[Black "Samolins, Vitalijs"]
[Result "0-1"]
[WhiteElo "2529"]
[BlackElo "2400"]
[Annotator "ChessBase"]
[PlyCount "100"]
[EventDate "2018.07.09"]
[EventType "swiss"]
[EventCountry "LAT"]
[SourceTitle "playchess.com"]
[Source "ChessBase"]
[SourceQuality "1"]
[TimeControl "5400+30"]

1. e4 {[%emt 0:00:00]} e5 {[%emt 0:00:00]} 2. Nf3 {[%emt 0:00:00]} Nc6 {[%emt 0:00:00]} 3. Bb5 {[%emt 0:00:05]} a6 {[%emt 0:00:00]} 4. Ba4 {[%emt 0:00:07]} Nf6 {[%emt 0:00:12]} 5. O-O {[%emt 0:00:08]} Bc5 {[%emt 0:00:21]} 6. Re1 {[%emt 0:03:41]} O-O {[%emt 0:14:28]} 7. c3 {[%emt 0:01:54]} b5 {[%emt 0:01:32]} 8. Bb3 {[%emt 0:00:16]} d6 {[%emt 0:00:56]} 9. a4 {[%emt 0:01:28]} Bb7 {[%emt 0:05:33]} 10. d4 {[%emt 0:00:33]} Ba7 {[%emt 0:02:57]} 11. Bg5 {[%emt 0:02:09]} h6 {[%emt 0:01:36]} 12. Bh4 {[%emt 0:15:59]} exd4 {[%emt 0:05:03]} 13. axb5 {[%emt 0:07:54]} axb5 {[%emt 0:01:18]} 14. cxd4 {[%emt 0:00:05]} g5 {[%emt 0:21:01]} 15. Bg3 {[%emt 0:17:54]} Bb6 {[%emt 0:17:32]} 16. Rxa8 {[%emt 0:01:07]} Bxa8 {[%emt 0:00:03]} 17. d5 {[%emt 0:07:12]} Na5 {[%emt 0:03:23]} 18. Bc2 {[%emt 0:00:09]} Re8 19. Nbd2 {[%emt 0:04:06]} Nh5 {[%emt 0:06:55]} 20. b4 {[%emt 0:02:47]} Nc4 {[%emt 0:00:25]} 21. Nxc4 {[%emt 0:00:05]} bxc4 {[%emt 0:00:02]} 22. Ba4 {[%emt 0:00:12]} Re7 {[%emt 0:02:39]} 23. Qc1 {[%emt 0:12:14]} f5 {[%emt 0:01:55]} 24. exf5 {[%emt 0:07:36]} Rxe1+ {[%emt 0:02:00]} 25. Nxe1 {[%emt 0:00:10]} Nxg3 {[%emt 0:00:17]} 26. hxg3 {[%emt 0:00:05]} Bxd5 {[%emt 0:00:03]} 27. Bb5 {[%emt 0:01:45]} Qf6 {[%emt 0:00:10]} 28. Bxc4 {[%emt 0:00:05]} Qxf5 {[%emt 0:00:07]} 29. Nd3 {[%emt 0:04:37]} h5 {[%emt 0:05:57]} 30. Qc2 {[%emt 0:03:27]} Bxf2+ {[%emt 0:01:01]} 31. Qxf2 {[%emt 0:01:33]} Qxf2+ {[%emt 0:00:04]} 32. Nxf2 {[%emt 0:00:08]} Bxc4 {[%emt 0:00:05]} 33. Ne4 {[%emt 0:00:05]} Kf7 {[%emt 0:06:34]} 34. Nxg5+ {[%emt 0:00:17]} Kf6 {[%emt 0:00:02]} 35. Nh3 {[%emt 0:06:30]} Ke5 {[%emt 0:01:01]} 36. Nf4 {[%emt 0:00:21]} Bf7 {[%emt 0:00:06]} 37. Kf2 {[%emt 0:00:50]} Kd4 {[%emt 0:00:22]} 38. g4 {[%emt 0:00:13]} hxg4 {[%emt 0:00:23]} 39. Kg3 {[%emt 0:00:01]} Ke3 {[%emt 0:02:22]} 40. Kxg4 {[%emt 0:00:44]} d5 {[%emt 0:00:02]} 41. Kf5 {[%emt 0:01:25]} d4 {[%emt 0:00:03]} 42. g4 {[%emt 0:00:27]} d3 {[%emt 0:00:18]} 43. Ng2+ {[%emt 0:00:35]} Kf2 {[%emt 0:00:47]} 44. Nf4 {[%emt 0:00:05]} Ke3 {[%emt 0:01:40]} 45. Ng2+ {[%emt 0:00:01]} Kf2 {[%emt 0:00:10]} 46. Nf4 {[%emt 0:00:04]} d2 {[%emt 0:00:12]} 47. Nd3+ {[%emt 0:00:04]} Ke3 {[%emt 0:00:32]} 48. Nb2 {[%emt 0:00:02]} Kd4 {[%emt 0:00:48]} 49. g5 {[%emt 0:00:40]} Bb3 {[%emt 0:00:13]} 50. g6 {[%emt 0:00:05] Ke5+} Kc3 {[%emt 0:00:10]} 0-1